| 000 | 00556nam a2200217 4500 | ||
|---|---|---|---|
| 003 | OSt | ||
| 005 | 20260530115303.0 | ||
| 008 | 260507b2003 |||a|||| |||| 001 0 spa d | ||
| 020 | _a9709366301 | ||
| 040 |
_aICI _bspa _cICI |
||
| 050 |
_aPQ7297 _bA87 |
||
| 100 | 1 |
_aBoldó, Jordi _95035 |
|
| 245 | 1 | 0 | _aAspa Viento |
| 264 | 1 |
_bBoldó Ediciones _c2003 _aMéxico |
|
| 300 | _a172 páginas | ||
| 336 |
_atexto _2rdacontent |
||
| 337 |
_asin medio _2rdamedia |
||
| 338 |
_avolumen _2rdacarrier |
||
| 700 |
_aRomán Luján _eAutor _931508 |
||
| 942 |
_2lcc _cBK _n1 |
||
| 999 |
_c12948 _d12948 |
||